000 00585nab a2200181 4500
001 244442
003 OSt
005 20230731130948.0
007 tu
008 200917s2020|||||||
040 _aDE-2950
_cDE-2950
245 0 0 _aAuftakt für die Sommerklänge
_cred
_bOpen Air. Mit dem Bläserquintett Carion beginnt am Sonntag das Festival "Klassik ohne Grenzen" in den Parks der Doppelstadt/
264 _c2023
653 _aFrankfurt (Oder)
653 _aSommerklänge
773 0 _g34. Jahrgang (2023) Nr. 174 vom 28.07.2023, S. 15, mit Foto
_tMärkische Oderzeitung
942 _2z
_cA
999 _c372659
_d372659